000 00316nam a22001337a 4500
020 _a81-8030-056-0
082 _a540
_bSET/T
100 _aSETHI, PANKAJ
245 _aTEACHING OF CHEMISTRY
260 _aDELHI
_bCAMPUS BOOKS INTERNATIONAL
_c2004
300 _a252
650 _aCHEMISTRY REFERENCE
_zINDIA
942 _cBK
999 _c1521
_d1521